<?xml version="1.0" encoding="UTF-8"?>
<record
    xmlns:xsi="http://www.w3.org/2001/XMLSchema-instance"
    xsi:schemaLocation="http://www.loc.gov/MARC21/slim http://www.loc.gov/standards/marcxml/schema/MARC21slim.xsd"
    xmlns="http://www.loc.gov/MARC21/slim">

  <leader>00733nam a2200169Ia 4500</leader>
  <controlfield tag="008">190719s9999||||xx |||||||||||||| ||und||</controlfield>
  <datafield tag="020" ind1=" " ind2=" ">
    <subfield code="a">9789280115321</subfield>
    <subfield code="c">&#xA3; 65.00</subfield>
  </datafield>
  <datafield tag="040" ind1=" " ind2=" ">
    <subfield code="a">IMU Kochi</subfield>
  </datafield>
  <datafield tag="082" ind1="0" ind2="4">
    <subfield code="a">344.046343</subfield>
    <subfield code="b">In821</subfield>
  </datafield>
  <datafield tag="110" ind1=" " ind2=" ">
    <subfield code="a">International Maritime Organization</subfield>
  </datafield>
  <datafield tag="245" ind1=" " ind2="0">
    <subfield code="a">MARPOL : articles, protocols, annexes, unified interpretations of the International Convention for the Prevention of Pollution from Ships, 1973, as modified by the 1978 and 1997 protocols. / </subfield>
    <subfield code="c">International Maritime Organization</subfield>
  </datafield>
  <datafield tag="250" ind1=" " ind2=" ">
    <subfield code="a">Consolidated ed. 2011, 5th ed.</subfield>
  </datafield>
  <datafield tag="260" ind1=" " ind2=" ">
    <subfield code="a">London : </subfield>
    <subfield code="b">International Maritime Organization , </subfield>
    <subfield code="c">2011</subfield>
  </datafield>
  <datafield tag="300" ind1=" " ind2=" ">
    <subfield code="a">ix, 447 p.</subfield>
    <subfield code="c">; 30 cm.</subfield>
  </datafield>
  <datafield tag="650" ind1=" " ind2=" ">
    <subfield code="a">Marine pollution</subfield>
    <subfield code="x">Law and legislation</subfield>
  </datafield>
  <datafield tag="942" ind1=" " ind2=" ">
    <subfield code="2">ddc</subfield>
    <subfield code="c">BK</subfield>
  </datafield>
  <datafield tag="999" ind1=" " ind2=" ">
    <subfield code="c">54</subfield>
    <subfield code="d">54</subfield>
  </datafield>
  <datafield tag="952" ind1=" " ind2=" ">
    <subfield code="0">0</subfield>
    <subfield code="1">0</subfield>
    <subfield code="4">0</subfield>
    <subfield code="7">0</subfield>
    <subfield code="8">IMOC</subfield>
    <subfield code="a">KO</subfield>
    <subfield code="b">KO</subfield>
    <subfield code="c">REF</subfield>
    <subfield code="d">2017-03-30</subfield>
    <subfield code="e">Excel Books Pvt. Ltd.</subfield>
    <subfield code="g">5300.00</subfield>
    <subfield code="l">25</subfield>
    <subfield code="o">344.046343 In821</subfield>
    <subfield code="p">BK004547</subfield>
    <subfield code="r">2024-11-22</subfield>
    <subfield code="s">2024-11-22</subfield>
    <subfield code="w">2019-07-19</subfield>
    <subfield code="y">BK</subfield>
    <subfield code="z">Shelf-3, Row-2</subfield>
  </datafield>
  <datafield tag="952" ind1=" " ind2=" ">
    <subfield code="0">0</subfield>
    <subfield code="1">0</subfield>
    <subfield code="4">0</subfield>
    <subfield code="7">0</subfield>
    <subfield code="8">IMOC</subfield>
    <subfield code="a">KO</subfield>
    <subfield code="b">KO</subfield>
    <subfield code="c">REF</subfield>
    <subfield code="d">2017-03-30</subfield>
    <subfield code="e">Excel Books Pvt. Ltd.</subfield>
    <subfield code="g">5300.00</subfield>
    <subfield code="l">29</subfield>
    <subfield code="o">344.046343 In821</subfield>
    <subfield code="p">BK004548</subfield>
    <subfield code="r">2025-01-24</subfield>
    <subfield code="s">2025-01-24</subfield>
    <subfield code="w">2019-07-19</subfield>
    <subfield code="y">BK</subfield>
    <subfield code="z">Shelf-3, Row-2</subfield>
  </datafield>
  <datafield tag="952" ind1=" " ind2=" ">
    <subfield code="0">0</subfield>
    <subfield code="1">0</subfield>
    <subfield code="2">ddc</subfield>
    <subfield code="4">0</subfield>
    <subfield code="7">0</subfield>
    <subfield code="8">IMOC</subfield>
    <subfield code="a">KO</subfield>
    <subfield code="b">KO</subfield>
    <subfield code="c">REF</subfield>
    <subfield code="d">2012-06-29</subfield>
    <subfield code="e">M/s World Books Service (Inv. No.609 dt. 2012-09-28)</subfield>
    <subfield code="g">5999.50</subfield>
    <subfield code="l">12</subfield>
    <subfield code="o">344.046343 In821</subfield>
    <subfield code="p">BK000466</subfield>
    <subfield code="r">2025-09-12</subfield>
    <subfield code="s">2025-09-12</subfield>
    <subfield code="w">2020-01-08</subfield>
    <subfield code="y">BK</subfield>
    <subfield code="z">Shelf-3, Row-2</subfield>
  </datafield>
  <datafield tag="952" ind1=" " ind2=" ">
    <subfield code="0">0</subfield>
    <subfield code="1">0</subfield>
    <subfield code="2">ddc</subfield>
    <subfield code="4">0</subfield>
    <subfield code="7">0</subfield>
    <subfield code="8">IMOC</subfield>
    <subfield code="a">KO</subfield>
    <subfield code="b">KO</subfield>
    <subfield code="c">REF</subfield>
    <subfield code="d">2012-06-29</subfield>
    <subfield code="e">M/s World Books Service (Inv. No.586 dt. 2012-06-23)</subfield>
    <subfield code="g">5947.50</subfield>
    <subfield code="l">6</subfield>
    <subfield code="o">344.046343 In821</subfield>
    <subfield code="p">BK000371</subfield>
    <subfield code="r">2023-03-15</subfield>
    <subfield code="s">2023-03-15</subfield>
    <subfield code="w">2020-01-10</subfield>
    <subfield code="y">RT</subfield>
    <subfield code="z">Shelf-3, Row-2</subfield>
  </datafield>
</record>
